Music Quiz

Random Music or Song Quiz

Eagles Studio Album Tracks Quiz Stats

 Plays Quiz Updated Oct 26, 2015

Score 0/79 Timer 09:00
0 Plays Today
% Correct
Hotel California
97.1%
Doolin-Dalton/Desperado (Reprise)
94.5%
Desperado
94.1%
One of These Nights
88%
The Long Run
86.5%
Take It Easy
82.2%
On the Border
71.2%
Life in the Fast Lane
69.6%
Witchy Woman
68.8%
Lyin' Eyes
66.9%
New Kid in Town
65.4%
Tequila Sunrise
64.8%
Peaceful Easy Feeling
63.6%
Take It to the Limit
63.5%
Long Road out of Eden
57.4%
Doolin-Dalton (instrumental)
53.7%
Heartache Tonight
53.6%
Doolin-Dalton
53.2%
I Can't Tell You Why
50.8%
Wasted Time
48.9%
Best of My Love
48%
Wasted Time (reprise)
46.1%
James Dean
45.6%
Already Gone
43%
Pretty Maids All in a Row
43%
In the City
41.5%
The Last Resort
41.4%
Victim of Love
41.3%
Ol' '55
40.2%
Those Shoes
39%
The Sad Café
37.5%
How Long
30.3%
The Greeks Don't Want No Freaks
29.6%
Try and Love Again
27.8%
Journey of the Sorcerer
26.6%
Saturday Night
25.9%
Midnight Flyer
25.8%
Outlaw Man
25.7%
Busy Being Fabulous
25.7%
The Disco Strangler
25.3%
% Correct
After the Thrill Is Gone
23.5%
Twenty-One
23.4%
Train Leaves Here This Morning
23.4%
Hollywood Waltz
23%
King of Hollywood
23%
Chug All Night
22.9%
Nightingale
22.1%
Bitter Creek
21.9%
No More Walks in the Wood
21.6%
My Man
20.8%
Certain Kind of Fool
19.8%
Visions
19.6%
I Wish You Peace
19.4%
Good Day in Hell
19.2%
Earlybird
19.1%
Most of Us Are Sad
19%
Tryin'
18.9%
Teenage Jail
18.9%
Out of Control
18.8%
Too Many Hands
17.8%
Waiting in the Weeds
17.8%
You Never Cry Like a Lover
17.3%
Take The Devil
16%
No More Cloudy Days
14.9%
Somebody
14.6%
Do Something
14.3%
I Love to Watch a Woman Dance
13.6%
Is It True?
13.5%
It's Your World Now
13.4%
What Do I Do with My Heart
12.1%
Fast Company
11.9%
I Dreamed There Was No War
10.4%
Guilty of the Crime
10.3%
Business as Usual
10.3%
Center of the Universe
10.3%
Last Good Time in Town
9.6%
Frail Grasp on the Big Picture
8.6%
You Are Not Alone
8.2%
I Don't Want to Hear Anymore
7.7%

You're not logged in!

Compare scores with friends on all Sporcle quizzes.
OR
Log In

Sporcle TV

Today on Sporcle TV


Watch our educational content, quiz creation guides, and fun videos on Sporcle TV.

Show Comments

Extras

Top Quizzes Today


Score Distribution

Your Account Isn't Verified!

In order to create a playlist on Sporcle, you need to verify the email address you used during registration. Go to your Sporcle Settings to finish the process.

Report this User

Report this user for behavior that violates our Community Guidelines.

Details: